| 000 | 00488 a2200169 4500 | ||
|---|---|---|---|
| 001 | 88492 | ||
| 082 | _a658.788 BRA | ||
| 090 |
_c41900 _d41900 |
||
| 100 | _aAlan Edward Branch | ||
| 245 | _aElements of Shipping, 8 e/d | ||
| 250 | _a8 | ||
| 260 |
_aLondon _bRoutledge _c2007 |
||
| 300 |
_axvi, 504 p. _b[Paperback] |
||
| 500 | _aDOS textbook | ||
| 600 | _amanning of vessels, ship papers; bills of lading | ||
| 651 | _aBook having Acc No.s 86928, 86941-86943 shifted to SOL kohat | ||
| 942 |
_aCAE NUST _k658.788 BRA |
||
| 999 |
_c323565 _d323565 |
||